Sports Quiz

Random Sports or MLB Quiz

Big 4 Champion Hangovers Quiz Stats

 Plays Quiz Updated Jul 10, 2017

Challenge
Share
Tweet
Embed
Score 0/22 Timer 03:00
0 Plays Today
Win% Season After Championship Team % Correct
45.68% (MLB)Cincinnati Reds
80.3%
40% (NFL)New York Giants
77.7%
46.91% (MLB)San Francisco Giants
77.6%
43.83% (MLB)Boston Red Sox
69.6%
41.46% (NBA)Boston Celtics
64.5%
46.15% (NFL)Green Bay Packers
63.6%
26% (NBA)Chicago Bulls
63.2%
48.15% (MLB)Saint Louis Cardinals
60.2%
48.76% (MLB)Saint Louis Cardinals
60.2%
33.33% (NFL)San Francisco 49ers
56.4%
37.5% (NFL)Denver Broncos
54.6%
Win% Season After Championship Team % Correct
43.75% (NFL)Oakland Raiders
51.9%
33.33% (MLB)Florida Marlins
51.6%
48.13% (MLB)Los Angeles Dodgers
50%
43.75% (NFL)Washington Redskins
47.4%
48.89% (NHL)New York Rangers
46.5%
41.76% (MLB)Kansas City Royals
43.1%
43.75% (NFL)Tampa Bay Buccaneers
40.5%
48.78% (NHL)Los Angeles Kings
38.5%
47.83% (MLB)Toronto Blue Jays
37.8%
47.53% (MLB)Anaheim Angels
29.7%
48.78% (NHL)Carolina Hurricanes
21.5%

You're not logged in!

Compare scores with friends on all Sporcle quizzes.
Join for Free
OR
Log In

You Might Also Like...

Show Comments

Extras

Top Quizzes Today


Score Distribution

Your Account Isn't Verified!

In order to create a playlist on Sporcle, you need to verify the email address you used during registration. Go to your Sporcle Settings to finish the process.

Report this User

Report this user for behavior that violates our Community Guidelines.

Details: